| 000 | 01356nam a22002297a 4500 | ||
|---|---|---|---|
| 005 | 20151001095656.0 | ||
| 008 | 111013s2012 nyu b 001 0 eng | ||
| 020 | _a9780071789295 | ||
| 024 | 0 | _ceng | |
| 080 | _a159.9 | ||
| 100 | 1 | _aRichards, Charles L. | |
| 245 | 1 | 4 |
_aThe psychology of wealth : _cCharles Richards. |
| 250 | _a1 st.ed.; | ||
| 260 |
_aNew York : _bMcGraw-Hill, _c2012. |
||
| 300 |
_a242 f. ; _c23 cm. |
||
| 504 | _aIncludes bibliographical references and index. f. 233-242 | ||
| 505 | 0 | _aHow do we define wealth? -- The evolution of wealth -- Finding your dream -- Self-esteem and its influence on wealth -- The stream vs. the rock -- Value is what you get -- Redefining your perspectives -- Cycles of giving back -- I'm going through a phase -- Painting a new portrait of prosperity -- Knowing where to plant your feet -- Conclusion: the whole elephant. | |
| 520 | _aIn this fascinating exploration of the delicate relationship between money and the human mind, clinical psychologist Richards explains that discovering our sense of self is the key to determining our relationship with money. He contends that credit or debt can be useful tools for building personal growth--"if applied properly." | ||
| 650 | 0 | _aPsikologjia | |
| 650 | 0 | _aPasuria | |
| 942 |
_2udc _cBK |
||
| 999 |
_c518 _d518 |
||